Zöld könyv 2008

2006 novemberében az Államreform Bizottság felkérésére Csapó Benő, Fazekas Károly, Kertesi Gábor, Köllő János és Varga Júlia készítettek egy tanulmányt a rendkívül alacsony magyarországi foglalkoztatottság és a közoktatás teljesítménye közötti összefüggésekről. Ebben megállapították, hogy a foglalko...

Teljes leírás

Elmentve itt :
Bibliográfiai részletek
Szerző: Radnóti Katalin
Dokumentumtípus: Cikk
Megjelent: 2009
Sorozat:Iskolakultúra 19 No. 1-2
Online Access:http://misc.bibl.u-szeged.hu/42507
LEADER 01403nab a2200181 i 4500
001 misc42507
005 20191106140628.0
008 180706s2009 hu o 0|| zxx d
022 |a 1215-5233 
040 |a SZTE Miscellanea Repozitórium  |b hun 
041 |a zxx 
100 1 |a Radnóti Katalin 
245 1 0 |a Zöld könyv 2008  |h [elektronikus dokumentum] /  |c  Radnóti Katalin 
260 |c 2009 
300 |a 103-107 
490 0 |a Iskolakultúra  |v 19 No. 1-2 
520 3 |a 2006 novemberében az Államreform Bizottság felkérésére Csapó Benő, Fazekas Károly, Kertesi Gábor, Köllő János és Varga Júlia készítettek egy tanulmányt a rendkívül alacsony magyarországi foglalkoztatottság és a közoktatás teljesítménye közötti összefüggésekről. Ebben megállapították, hogy a foglalkoztatási szint jelentős növelése nem képzelhető el hazánkban a közoktatás átfogó megújítása nélkül. Erre a megállapításra reflektálva a miniszterelnök kezdeményezte az Oktatási és Gyermekesély Kerekasztal (OKA) megalapítását, és egyben kérte, hogy a kerekasztal dolgozzon ki javaslatcsomagot a magyar közoktatás megújítására. E munka eredményeként született meg a jelen ismertető tárgyát képező, rendkívül színvonalas, tudományos alapossággal megírt könyv. 
856 4 0 |u http://misc.bibl.u-szeged.hu/42507/1/6_EPA00011_iskolakultura_2009-1-2.pdf  |z Dokumentum-elérés